خدمة الفرد المرتكزة على الحل : (Record no. 63839)
[ view plain ]
| 000 -الفاتح | |
|---|---|
| حقل البيانات ثابتة الطول | 01561nam a22003257a 4500 |
| 005 - وقت وتاريخ اخر تعامل مع التسجيلة | |
| رقم الضبط | 20240530110701.0 |
| 008 - عناصر البيانات ثابتة الطول - معلومات عامة | |
| حقل البيانات ثابتة الطول | 180110s2015 ua k g b 000 0 ara d |
| 017 ## - رقم الايداع القانونى | |
| رقم الايداع القانونى | 2014/25077 |
| المصدر ( الهيئة المختصة) | مصر. دار الكتب |
| 020 ## - الرقم الدولى المعيارى للكتب | |
| الرقم الدولى المعيارى للكتاب | 9789774385063 |
| 040 ## - مصدر الفهرسة | |
| وكالة الفهرسة الأصلية | EG-CaGPL |
| وكالة النسخ | EG-CaGPL |
| 082 04 - رقم تصنيف ديوى العشرى | |
| رقم الطبعة | 21 |
| رقم التصنيف | 361.32 / |
| رقم المادة | ك خ |
| 100 1# - المدخل الرئيسى - إسم شخصى | |
| الإسم الشخصى | كريستينسن، دانا. ن. |
| 245 10 - بيان العنوان | |
| العنوان | خدمة الفرد المرتكزة على الحل : |
| بقية العنوان | مقدمة فى مهارات ادارة الحالة والمهارات الاكلينكية فى خدمة الفرد = Solution - Based Casework / |
| بيان المسئوليه,etc | تاليف دانا. ن. كريستينسن، جيفرى تودال، ويليام. سى بارت ؛ ترجمة كلثم جبر الكوارى |
| 246 11 - العنوان الموازى | |
| عنوان صحيح/عنوان مختصر | Solution - Based Casework |
| 250 ## - بيان الطبعة | |
| بيان الطبعة | ط. 1 |
| 260 ## - PUBLICATION, DISTRIBUTION, ETC. (IMPRINT) | |
| تاريخ النشر أو التوزيع | 2015. |
| 300 ## - الوصف المادى | |
| التعداد | 304 ص. : |
| تفاصيل ماديه اخرى للوعاء | ايض ؛ |
| أبعاد الوعاء | 24 سم. |
| 504 ## - تبصرة ببليوجرافية | |
| تبصرة ببليوجرافية,الخ | يشتمل على ارجاعات ببليوجرافية |
| 650 07 - المدخل الاضافى بالموضوع-مصطلح موضوعى | |
| مصدر الرأس أو المصطلح | qrmak |
| مصطلح موضوعي | الخدمة الاجتماعية |
| 650 07 - المدخل الاضافى بالموضوع-مصطلح موضوعى | |
| مصدر الرأس أو المصطلح | qrmak |
| مصطلح موضوعي | الارشاد الاجتماعى |
| 650 07 - المدخل الاضافى بالموضوع-مصطلح موضوعى | |
| مصدر الرأس أو المصطلح | qrmak |
| مصطلح موضوعي | الشئون الاجتماعية |
| 650 07 - المدخل الاضافى بالموضوع-مصطلح موضوعى | |
| مصدر الرأس أو المصطلح | qrmak |
| مصطلح موضوعي | العلوم الاجتماعية |
| 650 07 - المدخل الاضافى بالموضوع-مصطلح موضوعى | |
| مصدر الرأس أو المصطلح | qrmak |
| مصطلح موضوعي | الخدمة الاجتماعية |
| التقسيم الفرعي العام | بحوث |
| 651 ## - المدخل الاضافى بالموضوع - اسم جغرافى | |
| مصدر الرأس أو المصطلح | qrmak |
| 700 1# - المدخل الاضافى - اسم شخصى | |
| الإسم الشخصى | تودال، جيفرى |
| الدور | مؤلف مشارك |
| 700 1# - المدخل الاضافى - اسم شخصى | |
| الإسم الشخصى | بارت، ويليام. سى |
| الدور | مؤلف مشارك |
| 700 0# - المدخل الاضافى - اسم شخصى | |
| الإسم الشخصى | كلثم جبر الكوارى |
| الدور | مترجم |
| 942 ## - عناصر المدخل الإضافي( كوها) | |
| مصدر التصنيف او مخطط الترفيف | Dewey Decimal Classification |
| Koha [default] item type | كتاب |
| 260 ## - PUBLICATION, DISTRIBUTION, ETC. (IMPRINT) | |
| -- | القاهرة : |
| -- | المكتب الجامعى الحديث ، |
| حالة التراجع | حالة الفقد | حالة تلف | ليس للاعارة | المكان المؤقت | الموقع الحالى | موقع الترفيف | تاريخ الاكتساب | اجمالي اﻻعارات | رقم الطلب | الباركود | تاريخ اخر مشاهدة | تاريخ تفعيل السعر | نوع وعاء كوها |
|---|---|---|---|---|---|---|---|---|---|---|---|---|---|
| مكتبة القاهرة الكبرى | مكتبة القاهرة الكبرى | القاعة الرئيسية | 01/10/2018 | 361.32 / ك خ | 163952 | 01/10/2018 | 01/10/2018 | كتاب |

